000 01792nam a2200433 i 4500
001 28803
003 KOSZ 005
005 20240405063044.0
008 200617s1988 pl a g f 000 0 pol d
040 _aKOSZ 005
_cKOSZ 005
_dKOSZ 005/HR
_dKOSZ 005/RW
045 _bd1939
_bd1945
046 _k1988
080 _a94(438).082
245 0 0 _aZ dziejów polskiej konspiracji wojskowej na tzw. ziemiach wcielonych do Rzeszy 1939-1945 /
_credakcja naukowa Bogusław Polak ; Wyższa Szkoła Inżynierska w Koszalinie.
246 3 0 _aZ dziejów konspiracji wojskowej na tzw. ziemiach wcielonych do Rzeszy 1939-1945 /
260 _aKoszalin :
_bWydawnictwo Uczelniane Wyższej Szkoły Inżynierskiej,
_c1988.
300 _a169, [7] stron ;
_brysunki ;
_c24 cm.
336 _aTekst
_btxt
_2rdacontent
337 _aBez urządzenia pośredniczącego
_bn
_2rdamedia
338 _aWolumin
_bnc
_2rdacarrier
380 _aKsiążki
380 _aPublikacje naukowe
388 _a1901-2000
388 _a1945-1989
490 1 _aDzieje Militarne Pomorza 1914-195 / Instytut Nauk Społecznych ;
_vnr 4
648 7 _a1901-2000
648 7 _a1939-1945
650 7 _aII wojna światowa (1939-1945)
650 7 _aKonspiracja (1939-1945)
651 7 _aPolska
655 7 _aPraca zbiorowa
658 _aHistoria
700 1 _aPolak, Bogusław
_d(1945- )
_eRedakcja
710 2 _aWyższa Szkoła Inżynierska (Koszalin)
710 2 _aWydawnictwo Uczelniane (Wyższa Szkoła Inżynierska ; Koszalin)
_4pbl
830 0 _aDzieje Militarne Pomorza 1914-1945 ;
_vnr 4
856 _uhttp://koha.tu.koszalin.pl/cgi-bin/koha/opac-detail.pl?biblionumber=28803
_yKatalog online BPK
942 _2UKD
_cKS
999 _c28803
_d28803